000 00560nam a2200217Ia 4500
005 20250425162428.0
008 250425s9999 xx 000 0 und d
020 _a9872135533
041 _aspa
082 _a629.2
100 _aGUALTIERI, PABLO J.
245 0 _aMANUAL PARA EL USUARIO AUTOMOTOR: EL SISTEMA DE COMBUSTIBLE
250 _a1A ED.
260 _aArgentina
_bNEGRI
_c2004
260 _aBUENOS AIRES
300 _a92
650 _aMANUAL PARA EL USUARIO AUTOMOTOR
650 _aSISTEMA DE COMBUSTIBLE
942 _c01
010 _a73087
999 _c229034
_d229034